| Tag |
First Indicator |
Second Indicator |
Subfields |
| LEADER |
00000cam a2200000 a 4500 |
| 001 |
in00000073122 |
| 005 |
20151008060047.0 |
| 008 |
780823s1966 akuab b s00010 eng d |
| 035 |
|
|
|a (OCoLC)04162971
|
| 035 |
|
|
|9 AAJ5061AM
|
| 040 |
|
|
|a UUM
|c UUM
|d TXA
|d UtOrBLW
|
| 043 |
|
|
|a n-us-ak
|
| 049 |
|
|
|a TXAM
|c [387381]
|
| 090 |
|
|
|a QE83
|b .A25 no.20
|
| 100 |
1 |
|
|a Rose, Arthur W.
|
| 245 |
1 |
0 |
|a Geological and geochemical investigations in the Eureka Creek and Rainly Creek areas, Mt. Hayes quadrangle, Alaska /
|c by Arthur W. Rose.
|
| 264 |
|
1 |
|a Juneau, Alaska :
|b Division of Mines and Minerals, Dept. of Natural Resources, State of Alaska,
|c 1966.
|
| 300 |
|
|
|a 36 leaves :
|b 3 maps ;
|c 28 cm.
|
| 336 |
|
|
|a text
|b txt
|2 rdacontent
|
| 337 |
|
|
|a unmediated
|b n
|2 rdamedia
|
| 338 |
|
|
|a volume
|b nc
|2 rdacarrier
|
| 490 |
1 |
|
|a Geologic report ;
|v no.20
|
| 500 |
|
|
|a Folded maps in pocket.
|
| 504 |
|
|
|a Bibliography: leaves 35-36.
|
| 650 |
|
0 |
|a Geology
|z Alaska
|z Eureka Creek Region.
|
| 650 |
|
0 |
|a Geology
|z Alaska
|z Rainy Creek Region.
|
| 710 |
1 |
|
|a Alaska.
|b Division of Mines and Minerals.
|
| 830 |
|
0 |
|a Geologic report (Juneau, Alaska) ;
|v 20.
|
| 999 |
|
|
|a MARS
|
| 999 |
f |
f |
|s 94b7abb9-b099-3221-b004-5103edf76105
|i 869e13ca-a11b-3ccf-91f7-3831d49dbc6f
|t 0
|
| 952 |
f |
f |
|p ric
|a Texas A&M University
|b Rellis Campus
|c Joint Library Facility
|d Remote Storage
|t 0
|e QE83 .A25 no.20
|h Library of Congress classification
|i unmediated -- volume
|m A14806213399
|
| 998 |
f |
f |
|a QE83 .A25 no.20
|t 0
|l Remote Storage
|